|
|
|
|
| LEADER |
01794nam a2200397 a 4500 |
| 001 |
000016568 |
| 003 |
CZ BrMZK |
| 005 |
20190105160822.0 |
| 007 |
ta |
| 008 |
950101s1994 xr a f cze d |
| 015 |
|
|
|a cnb000089507
|
| 020 |
|
|
|a 80-01-01209-3
|
| 035 |
|
|
|a (OCoLC)85661033
|
| 040 |
|
|
|a BOA001
|b cze
|
| 080 |
|
|
|a 628(075.8)
|2 MRF
|
| 245 |
0 |
0 |
|a Technická zařízení budov.
|n 1,
|p Zdravotní technika - přednášky /
|c Markéta Petrová a kol.
|
| 246 |
3 |
0 |
|a Zdravotní technika - přednášky
|
| 250 |
|
|
|a 1. vyd.
|
| 260 |
|
|
|a Praha :
|b České vysoké učení technické,
|c 1994
|
| 300 |
|
|
|a 158 s. :
|b il., tab., grafy.
|
| 500 |
|
|
|a Dotisk 1996, 1998
|
| 504 |
|
|
|a Obsahuje bibliografii
|
| 700 |
1 |
|
|a Petrová, Markéta
|7 jx20080901011
|4 aut
|
| 910 |
|
|
|a BOA001
|b 4-1005.812,1
|b TK-A-0255.703
|b TK-A-0259.587
|b TK-A-0264.206
|
| 920 |
|
|
|a 000113304
|
| 920 |
|
|
|a 000092290
|
| 920 |
|
|
|a 000362706
|
| 964 |
|
|
|a Technika zdravotnická
|x učebnice
|x školy vysoké
|
| 990 |
|
|
|a BK
|
| 996 |
6 |
|
|b 2610017273
|c 4-1005.812,1
|l MZK
|r Sklad / do 1 hodiny
|n 37
|p p.v.
|w 000016568
|u 000010
|a 1
|e BOA001
|j MZK50
|s P
|
| 996 |
7 |
|
|b 2620005033
|c TK-A-0259.587
|l MZK
|r Sklad / do 24 hodin
|n 4
|p kup
|w 000016568
|u 000040
|a 1
|e BOA001
|j MZK50
|s A
|
| 996 |
7 |
|
|b 2620005034
|c TK-A-0259.587
|l MZK
|r Sklad / do 24 hodin
|n 2
|p kup
|w 000016568
|u 000050
|a 1
|e BOA001
|j MZK50
|s A
|
| 996 |
7 |
|
|b 2620012827
|c TK-A-0264.206
|l MZK
|r Sklad / do 24 hodin
|n 14
|p kup
|w 000016568
|u 000060
|a 1
|e BOA001
|j MZK50
|s A
|
| 996 |
7 |
|
|b 2620012828
|c TK-A-0264.206
|l MZK
|r Sklad / do 24 hodin
|n 15
|p kup
|w 000016568
|u 000070
|a 1
|e BOA001
|j MZK50
|s A
|
| 996 |
7 |
|
|b 2629980606
|c TK-A-0255.703
|l MZK
|r Sklad / do 24 hodin
|n 2
|w 000016568
|u 000030
|a 1
|e BOA001
|j MZK50
|s A
|
| 996 |
7 |
|
|b 2629984875
|c TK-A-0255.703
|l MZK
|r Sklad / do 24 hodin
|n 2
|w 000016568
|u 000020
|a 1
|e BOA001
|j MZK50
|s A
|